00536nam a2200181Ia 4500008004100000082001300041100002500054245004000079250000800119260002400127300001100151500002400162650001500186700002600201942000700227952010300234999001700337230524s9999 xx 000 0 und d a612bCHA aN.Chakraborty923698 0aFundamentals of Human Anatomy Vol-I a2ND aCALCUTTAbNCBc2005 aIV;550 aQuantity Number: 1 aBiomedical a D.Chakraborty923699 cBK 00104070aTATCLbTATCLcGENd2023-05-24l0o612 CHAp10764r2023-05-24w2023-05-24yBKzBSCM2201 c35242d35242